• 首页
  • 本馆介绍
  • 公告通知
  • 最新文献
  • 馆藏检索
  • 电子资源
  • 读者导购
  • 参考咨询
  • 我的图书馆
  • 登录
  • 详细信息显示
  • 放入我的书架
  • 预约/预借图书
  • 作者相关作品
  • 分类相关作品
  • 丛书相关作品
  • 出版社相关作品

书目信息

  • 表格格式
  • 工作单格式
  • 卡片格式
题名:
“乐悦花开”之教育故事
    
 
作者: 杨尚薇 主编
分册:  
出版信息: 成都   四川大学出版社  2019.12
页数: 203页
开本: 24cm
丛书名:
单 册:
中图分类: G622.0
科图分类:
主题词: 小学教育--xiao xue jiao yu--教育研究
电子资源:
ISBN: 978-7-5690-3301-4
000 00845nam0 2200229 450
001 0104125614
005 20201104125711.0
010    @a978-7-5690-3301-4@dCNY39.00
100    @a20200408d2019 em y0chiy50 ea
101 0  @achi
102    @aCN@b510000
105    @ay z 000yy
106    @ar
200 1  @a“乐悦花开”之教育故事@A“le yue hua kai”zhi jiao yu gu shi@f杨尚薇主编
210    @a成都@c四川大学出版社@d2019.12
215    @a203页@d24cm
330    @a本书收录了《我的那些花儿》《和你们在一起》《简单的幸福》《最美的气质》《将美丽进行到底》等故事,记录了龙江路小学老师们行走在愉快教育之路上的点点滴滴,折射出龙小教师的教育智慧及他们对学生的爱。
606 0  @a小学教育@Axiao xue jiao yu@x教育研究
690    @aG622.0@v5
701  0 @a杨尚薇@Ayang shang wei@4主编
801  0 @aCN@bBJSZM@c20201104
905    @b1259951-5@dG622.0@e1138@f5
    
    “乐悦花开”之教育故事/杨尚薇主编.-成都:四川大学出版社,2019.12
    203页;24cm
    
    
    ISBN 978-7-5690-3301-4:CNY39.00
    本书收录了《我的那些花儿》《和你们在一起》《简单的幸福》《最美的气质》《将美丽进行到底》等故事,记录了龙江路小学老师们行走在愉快教育之路上的点点滴滴,折射出龙小教师的教育智慧及他们对学生的爱。
●
相关链接 在E读中查询图书 在五车中查询图书 在当当中查询图书 在豆瓣中查询图书


正题名:"乐悦花开"之教育故事     索取号:G622.0/1138         预约/预借

序号 登录号 条形码 馆藏地/架位号 状态 备注
1 1259951   212599516   第一样本阅览室/ [索取号:G622.0/1138] 在馆    
2 1259952   212599525   教育系资料室/ [索取号:G622.0/1138] 在馆    
3 1259953   212599534   教育系资料室/ [索取号:G622.0/1138] 在馆    
4 1259954   212599543   第四借阅区/ [索取号:G622.0/1138] 在馆    
5 1259955   212599552   第四借阅区/ [索取号:G622.0/1138] 在馆    
唐山师范学院图书馆 欢迎您!
大连网信软件有限公司© 版权所有